[Event "Targu Mures op"]
[Site "Targu Mures"]
[Date "2019.10.17"]
[Round "1"]
[White "Manea, Alexandru"]
[Black "Elekes, Luca Alexandru"]
[Result "1-0"]
[WhiteElo "2305"]
[BlackElo "1038"]
[PlyCount "117"]
[EventDate "2019.10.17"]
[EventType "swiss"]
[EventRounds "7"]
[EventCountry "ROU"]
[SourceTitle "CBM 192 Extra"]
[Source "Chessbase"]
[SourceDate "2019.11.06"]
[SourceVersion "1"]
[SourceVersionDate "2019.11.06"]
[SourceQuality "1"]

1. d4 d5 2. Bg5 Nc6 3. Nf3 Bf5 4. e3 Nb4 5. Na3 f6 6. Bf4 g5 7. Bg3 Qd7 8. Bb5 c6 9. Be2 0-0-0 10. c3 Na6 11. Qa4 e6 12. Nd2 Bd6 13. Bxa6 Bxg3 14. hxg3 bxa6 15. Qxa6+ Qb7 16. Qxb7+ Kxb7 17. Nb3 Be4 18. Nc5+ Kb6 19. f3 Bf5 20. Kd2 Rd6 21. Nc2 Ne7 22. Rh6 Bg6 23. Rah1 Rg8 24. g4 f5 25. Ne1 fxg4 26. fxg4 Rg7 27. Nf3 Ng8 28. R6h3 h6 29. Ne5 Be4 30. Nxe4 dxe4 31. Nc4+ Kc7 32. Nxd6 Kxd6 33. Rf1 Rg6 34. Rf7 Nf6 35. Rg3 h5 36. gxh5 Nxh5 37. Rh3 Rf6 38. Rxf6 Nxf6 39. Rh6 Ng8 40. Rg6 Ne7 41. Rxg5 Nd5 42. Rg7 a6 43. g4 e5 44. Rg6+ Kd7 45. dxe5 Ne7 46. Rd6+ Kc7 47. g5 Nf5 48. g6 Ng7 49. b4 Nh5 50. c4 Ng7 51. c5 Nh5 52. e6 Nf6 53. e7 Kc8 54. Rxc6+ Kd7 55. Rxf6 Kxe7 56. Rf7+ Ke8 57. c6 Kd8 58. g7 Ke8 59. g8Q# 1-0